| 000 | 00982cab a2200253 4500 | ||
|---|---|---|---|
| 001 | ABS43921 | ||
| 008 | 090401t1991 xxu||||| |||| 00| 0 eng d | ||
| 035 | _a(Sirsi) u44287 | ||
| 041 | _aeng | ||
| 110 |
_aAnthony Williams and Partners _93 |
||
| 245 | _aStudents` hostel, Queen Mary and Westfield College | ||
| 260 | _c1991 | ||
| 350 | _a0 | ||
| 490 |
_aBuilding _v256(7680) 18 January 1991, 45-52(7) |
||
| 520 | _aA Building Dossier featuring the design and construction of the first phase of accommodation for students studying at the Queen Mary and Westfield College in London . Includes reports by the architects and clients, schedule of accommodation, contract information and cost commentary and analysis. | ||
| 650 | _aBUILT ENVIRONMENT-BUILDING COSTS | ||
| 650 | _aBUILDING PROJECTS | ||
| 650 | _aCOLLEGES | ||
| 650 | _aEDUCATION BUILDINGS | ||
| 650 | _aSTUDENT HOSTELS | ||
| 690 | _aBUILDING AND CONSTRUCTION-PROJECTS | ||
| 942 | _n0 | ||
| 948 | _c04/03/1997 | ||
| 999 |
_c28221 _d28221 |
||